|
|
|
|
| LEADER |
00000nab a2200000 a 4500 |
| 001 |
vtls010528758 |
| 003 |
SK-MaSNL |
| 005 |
20260304185136.0 |
| 008 |
250708 2013 xo b p 000 0 slo |
| 015 |
|
|
|a SNBRB2013/07
|2 lmaosk
|
| 035 |
|
|
|a (sysno)vtls010528758
|
| 035 |
|
|
|a urn:nbn:sk:snk-ab72fg
|
| 035 |
|
|
|a (uuid)e123317d-033d-44a8-a425-36f77cf5d3d7
|
| 035 |
|
|
|a (urnnbn)urn:nbn:sk:snk:ar-a06pqf
|
| 040 |
|
|
|a SNKBUCL
|b slo
|c SNKBUCL
|e AACR2
|
| 041 |
0 |
|
|a slo
|
| 044 |
|
|
|a xo
|c SK
|
| 080 |
|
|
|a 620.2
|2 2001
|
| 080 |
|
|
|a 621.3
|2 2001
|
| 080 |
|
|
|a 539.4
|2 2001
|
| 080 |
|
|
|a (046)
|2 2001
|
| 245 |
0 |
0 |
|a Teplotná stabilita progresívneho Cu-Al2O3
|c Mária Orolinová ... [et al.]
|
| 300 |
|
|
|b Graf., obr.
|
| 504 |
|
|
|a Bibliogr. odkazy
|
| 650 |
0 |
7 |
|a elektrotechnické materiály
|2 SNKPH
|9 3919
|
| 650 |
0 |
7 |
|a materiály CuCr
|2 LMAOSK
|9 1519394
|
| 650 |
0 |
7 |
|a pevnosť
|2 SNKPH
|9 1636
|
| 650 |
0 |
7 |
|a teplotná stabilita
|2 LMAOSK
|9 1377900
|
| 700 |
1 |
|
|a Orolínová, Mária
|4 aut
|9 231600
|
| 700 |
1 |
|
|a Ďurišin, Juraj
|4 aut
|9 7253
|
| 700 |
1 |
|
|a Ďurišinová, Katarína
|4 aut
|9 12413
|
| 700 |
1 |
|
|a Danková, Zuzana
|4 aut
|9 342309
|
| 773 |
0 |
|
|t EE : časopis pre elektrotechniku a energetiku
|g Roč. 19, č. 3 (2013), s. 32-33
|x 1335-2547
|
| 850 |
|
|
|a Slovenská národná knižnica
|
| 852 |
|
|
|a Slovenská národná knižnica
|
| 954 |
|
|
|a odborná, vedecká literatúra pôvodná (slovenská)
|2 lita
|
| 958 |
|
|
|a article27
|
| 958 |
|
|
|a NB
|
| 958 |
|
|
|a OND
|
| 958 |
|
|
|a EUIPO
|
| 999 |
|
|
|c 3041621
|d 3043551
|